[Event "Quebec op U1400"]
[Site "Montreal"]
[Date "2008.07.21"]
[Round "3"]
[White "Aronowitz, Charles"]
[Black "Hon, Ivan"]
[Result "1-0"]
[WhiteElo "1365"]
[BlackElo "1277"]
[PlyCount "95"]
[EventDate "2008.07.19"]
[EventType "swiss"]
[EventRounds "9"]
[EventCountry "CAN"]
[SourceTitle "EXT 2011"]
[Source "ChessBase"]
[SourceDate "2010.11.26"]
[SourceVersion "1"]
[SourceVersionDate "2010.11.26"]
[SourceQuality "1"]

1. d4 Nc6 2. Nf3 d5 3. e3 Bg4 4. Nbd2 e6 5. c3 Nf6 6. Bb5 a6 7. Bxc6+ bxc6 8. 0-0 Bd6 9. Qa4 Qd7 10. Ne5 Bxe5 11. dxe5 c5 12. Qf4 Be2 13. exf6 g5 14. Qxg5 Bxf1 15. Nxf1 0-0-0 16. Qf4 Rde8 17. b3 e5 18. Qf3 Qd6 19. e4 d4 20. Bh6 Kb8 21. Bg7 Rhg8 22. Rd1 Qb6 23. cxd4 cxd4 24. Qd3 Qa5 25. a4 Rd8 26. Nd2 Qc3 27. Nc4 Qxd3 28. Rxd3 Rge8 29. f3 Kb7 30. Kf2 Kc6 31. Na5+ Kb6 32. Nc4+ Kc6 33. g3 Kc5 34. g4 Rb8 35. Bh6 Rb4 36. Bd2 Rxc4 37. bxc4 Kxc4 38. Ke2 Re6 39. g5 c5 40. a5 Re8 41. h4 Rb8 42. Ra3 Rg8 43. Ra1 Kb5 44. Rb1+ Kc6 45. Rb6+ Kc7 46. Rxa6 Kb7 47. Rb6+ Kc7 48. Kd3 1-0

[Event "Quebec-op U1600"]
[Site "Montreal"]
[Date "2006.07.07"]
[Round "1"]
[White "Hon, Ivan"]
[Black "Raymond, Gilles N"]
[Result "1-0"]
[WhiteElo "1382"]
[BlackElo "981"]
[PlyCount "45"]
[EventDate "2006.07.07"]
[EventType "swiss"]
[EventRounds "9"]
[EventCountry "CAN"]
[SourceTitle "CBM 113 Extra"]
[Source "ChessBase"]
[SourceDate "2006.09.14"]
[SourceVersion "1"]
[SourceVersionDate "2006.09.14"]
[SourceQuality "1"]

1. e4 c5 2. d4 cxd4 3. Qxd4 Nc6 4. Qa4 e6 5. Nf3 Qc7 6. Nc3 Bb4 7. Bd2 Qb6 8. Bd3 a6 9. 0-0 d6 10. Rfe1 Bd7 11. Nd5 exd5 12. exd5+ Nce7 13. Qxb4 Qc7 14. Bc3 Nf6 15. Bxf6 gxf6 16. Qh4 0-0-0 17. Rxe7 Qb6 18. Qxf6 Bg4 19. Rae1 Bxf3 20. gxf3 Rhg8+ 21. Kf1 Rge8 22. Rxe8 Rxe8 23. Rxe8+ 1-0